Geopolitica da Amazonia : a nova fronteira de recursos /

Bibliographic Details
Main Author: Becker, Bertha K.
Format: Book
Language:Portuguese
Published: Rio de Janeiro : Zahar Editores, 1982.
Series:Terra e o homem.
Subjects:

MARC

Tag First Indicator Second Indicator Subfields
LEADER 00000cam a2200000 a 4500
001 in00000552621
005 20151014051105.0
008 830519s1982 bl ab b 00010 por
010 |a  82221643  
020 |c Cr$1,200.00 
035 |a (OCoLC)09620571 
035 |9 ACJ2260AM 
039 0 |a 2  |b 3  |c 3  |d 3  |e 3 
040 |a DLC  |c DLC  |d TXA  |d UtOrBLW 
043 |a s-bl--- 
049 |a TXAM  |c [1616038] 
050 0 0 |a HC188.A5  |b B375 1982 
082 0 |a 330.981/1063  |2 19 
100 1 |a Becker, Bertha K. 
245 1 0 |a Geopolitica da Amazonia :  |b a nova fronteira de recursos /  |c Bertha K. Becker ; prefacio do professor Orlando Valverde. 
264 1 |a Rio de Janeiro :  |b Zahar Editores,  |c 1982. 
300 |a 233 pages :  |b illustrations, maps ;  |c 22 cm. 
336 |a text  |b txt  |2 rdacontent 
337 |a unmediated  |b n  |2 rdamedia 
338 |a volume  |b nc  |2 rdacarrier 
490 1 |a Terra e o homem 
504 |a Includes bibliographical references. 
650 0 |a Regional planning  |z Amazon River Valley. 
650 0 |a Agricultural colonies  |z Amazon River Valley. 
651 0 |a Amazon River Valley  |x Economic conditions. 
830 0 |a Terra e o homem. 
999 |a MARS 
999 f f |s 26610b19-25ef-3d83-8376-9e74e374c496  |i 5a875509-74cd-38b7-9844-23cb84e45b7f  |t 0 
952 f f |p ric  |a Texas A&M University  |b Rellis Campus  |c Joint Library Facility  |d Remote Storage  |t 0  |e HC188.A5 B375 1982  |h Library of Congress classification  |i unmediated -- volume  |m A14808941037 
998 f f |a HC188.A5 B375 1982  |t 0  |l Remote Storage